Führer Durch das Archäologische Museum von Heraklion (Record no. 9625)

MARC details
000 -CABECERA
campo de control de longitud fija 00766nam a2200241 a 4500
001 - NÚMERO DE CONTROL
campo de control BRL_813
005 - FECHA Y HORA DE LA ÚLTIMA TRANSACCIÓN
campo de control 20190320210916.0
008 - DATOS DE LONGITUD FIJA--INFORMACIÓN GENERAL
campo de control de longitud fija 091013s1969----gw-a######---#000-0#ger-#
041 ## - CÓDIGO DE LENGUA
Código de lengua del texto/banda sonora o título independiente ger
044 ## - CÓDIGO DEL PAÍS DE LA ENTIDAD EDITORA/PRODUCTORA
Código MARC del país gw
050 #4 - SIGNATURA TOPOGRÁFICA DE LA BIBLIOTECA DEL CONGRESO
Número de clasificación N2410.H47
Número de documento/Ítem .A44 1969
100 1# - ENTRADA PRINCIPAL--NOMBRE DE PERSONA
Nombre de persona Alexiu, Stylianos
9 (RLIN) 25020
245 10 - MENCIÓN DE TÍTULO
Título Führer Durch das Archäologische Museum von Heraklion
Mención de responsabilidad, etc. Stylianos Alexius ; Einleitung von Prof. Nik. Platon
260 ## - PUBLICACIÓN, DISTRIBUCIÓN, ETC.
Lugar de publicación, distribución, etc. Athen
Nombre del editor, distribuidor, etc. Altertümer und Denkmalpflege
Fecha de publicación, distribución, etc. 1969
300 ## - DESCRIPCIÓN FÍSICA
Extensión 136 p.
Otras características físicas il., 30 láminas
Dimensiones 21 cm.
440 #0 - MENCIÓN DE SERIE/PUNTO DE ACCESO ADICIONAL--TÍTULO
Título Führer
Designación de volumen o secuencia 22
9 (RLIN) 25021
500 ## - NOTA GENERAL
Nota general Au927
610 24 - PUNTO DE ACCESO ADICIONAL DE MATERIA--NOMBRE DE ENTIDAD CORPORATIVA
Nombre de entidad corporativa o nombre de jurisdicción como elemento de entrada Archäologische Museum Heraklion
Subdivisión de forma Guías
Subdivisión geográfica Grecia
9 (RLIN) 25022
650 14 - PUNTO DE ACCESO ADICIONAL DE MATERIA--TÉRMINO DE MATERIA
Término de materia o nombre geográfico como elemento de entrada Museos arqueológicos
Subdivisión geográfica Grecia
9 (RLIN) 25023
700 1# - PUNTO DE ACCESO ADICIONAL--NOMBRE DE PERSONA
Nombre de persona Platon, Nik.
9 (RLIN) 25024
902 ## - CATALOGADOR
Iniciales GRL
942 ## - ELEMENTOS DE PUNTO DE ACCESO ADICIONAL (KOHA)
Fuente del sistema de clasificación o colocación Library of Congress Classification
Tipo de ítem Koha Libros
Holdings
Estado de retiro Estado de pérdida Estado dañado No para préstamo Localización permanente Ubicación/localización actual Fecha de adquisición Número de inventario Total de préstamos Signatura topográfica completa Código de barras Fecha visto por última vez Precio válido a partir de Tipo de ítem Koha
El ejemplar forma parte de la colección y puede ser consultado según las políticas vigentes.       Biblioteca Centro de Estudios Ruth D. Lechuga Biblioteca Centro de Estudios Ruth D. Lechuga 09/10/2013 Au927   N2410.H47 .A44 1969 (Au927) GRL00882 22/03/2019 22/03/2019 Libros